[Event "Paul Keres active"]
[Site "Toronto CAN"]
[Date "1988.10.23"]
[Round "3"]
[White "Mead, John"]
[Black "Veltmann, Martin"]
[Result "0-1"]
[Annotator ",Hugh"]
[WhiteElo "1472"]
[BlackElo "2002"]
[PlyCount "71"]
[GameId "2160767740584203"]
[EventDate "1988.10.23"]
[EventType "swiss (rapid)"]
[EventRounds "5"]
[EventCountry "CAN"]
[SourceTitle "mv"]

1. Nf3 c5 2. e4 d6 3. g3 g6 4. Bg2 Bg7 5. O-O Nc6 6. d3 e6 7. Nbd2 Nge7 8. Ne1 O-O 9. f4 f5 10. c3 e5 11. a4 exf4 12. gxf4 Kh8 13. Ndf3 Be6 14. Nc2 fxe4 15. dxe4 d5 16. e5 Nf5 17. Ne3 d4 18. Nxf5 Bxf5 19. cxd4 cxd4 20. Ng5 Qb6 21. Kh1 Rad8 22. Be4 Bxe4+ 23. Nxe4 Ne7 24. a5 Qc6 25. Qf3 Nf5 26. Ng5 Rc8 27. Qxc6 Rxc6 28. Bd2 Kg8 29. Rac1 Rfc8 30. Ne4 Kf7 31. Kg2 Ke6 32. Kf3 Kd5 33. Ng5 h6 34. Nh3 Bf8 35. Nf2 Be7 36. Ke2 {Time} 0-1

[Event "Paul Keres active"]
[Site "Toronto CAN"]
[Date "1988.10.23"]
[Round "4"]
[White "Fiedler, Brian"]
[Black "Veltmann, Martin"]
[Result "0-1"]
[Annotator ",Hugh"]
[WhiteElo "2045"]
[BlackElo "2002"]
[PlyCount "71"]
[GameId "2160767740584204"]
[EventDate "1988.10.23"]
[EventType "swiss (rapid)"]
[EventRounds "5"]
[EventCountry "CAN"]
[SourceTitle "mv"]

1. c4 g6 2. Nc3 Bg7 3. e4 d6 4. d4 Nf6 5. Nf3 O-O 6. Be2 Nbd7 7. O-O e5 8. Re1 c6 9. Bf1 Qb6 10. d5 c5 11. Rb1 h6 12. a3 Qd8 13. g3 Ne8 14. Bg2 f5 15. exf5 gxf5 16. Qc2 Qf6 17. Nh4 Rf7 18. b4 b6 19. Na4 Nf8 20. bxc5 bxc5 21. Bb2 Ng6 22. Nxg6 Qxg6 23. Nc3 Bd7 24. Bc1 Nf6 25. Rb7 Ba4 26. Qb1 Bc2 27. Rb8+ Kh7 28. Qb2 Rxb8 29. Qxb8 Nd7 30. Qb2 Bd3 31. Bf1 Bxf1 32. Rxf1 e4 33. Qc2 Ne5 34. Ne2 Nf3+ 35. Kg2 Qh5 36. h3 {Time} 0-1

[Event "Paul Keres active"]
[Site "Toronto CAN"]
[Date "1988.10.23"]
[Round "5"]
[White "Walker, Ben"]
[Black "Veltmann, Martin"]
[Result "1-0"]
[WhiteElo "2068"]
[BlackElo "2002"]
[PlyCount "75"]
[GameId "2160767912520241"]
[EventDate "1988.10.23"]
[EventType "swiss (rapid)"]
[EventRounds "5"]
[EventCountry "CAN"]
[SourceTitle "mv"]

1. e4 g6 2. d4 Bg7 3. Nf3 d6 4. Nc3 Nf6 5. Be2 O-O 6. O-O Nc6 7. h3 e5 8. dxe5 dxe5 9. Qxd8 Rxd8 10. Bg5 Re8 11. Bb5 h6 12. Bxc6 bxc6 13. Be3 Bf8 14. a3 Kh7 15. Rfd1 a5 16. Nd2 Be6 17. f3 Nd7 18. Na4 f5 19. Bf2 f4 20. Nb3 g5 21. Rd2 Kg6 22. Nbc5 Nxc5 23. Bxc5 Kf6 24. Bxf8 Rxf8 25. Nc5 Rad8 26. Rad1 Rxd2 27. Rxd2 Rf7 28. Nb3 a4 29. Nc5 h5 30. Nxa4 g4 31. hxg4 hxg4 32. fxg4 Bxg4 33. Nc5 f3 34. gxf3 Bxf3 35. Rd7 Rxd7 36. Nxd7+ Kg5 37. Nc5 Kf4 38. a4 1-0

[Event "Paul Keres mem (13th)"]
[Site "Vancouver CAN"]
[Date "1988.05.21"]
[Round "2"]
[White "Kuznecov, Alex"]
[Black "Braley, John"]
[Result "1-0"]
[WhiteElo "2290"]
[BlackElo "2200"]
[PlyCount "42"]
[GameId "2160767912586297"]
[EventDate "1988.05.20"]
[EventType "swiss"]
[EventRounds "7"]
[EventCountry "CAN"]
[SourceTitle "EXT 2022"]
[Source "ChessBase"]
[SourceDate "2021.10.06"]
[SourceVersion "1"]
[SourceVersionDate "2021.10.06"]
[SourceQuality "1"]

1. e4 d6 2. d4 g6 3. Nc3 Bg7 4. f4 Nf6 5. Nf3 O-O 6. Bd3 Na6 7. O-O c5 8. d5 Rb8 9. Kh1 b6 10. a3 Nc7 11. Qe1 b5 12. Qh4 a5 13. f5 gxf5 14. Bh6 Bxh6 15. Qxh6 b4 16. Ng5 e5 17. exf5 bxc3 18. Rf3 cxb2 19. Rb1 Qe7 20. Rg3 Kh8 21. Nxh7 Ng4 1-0

[Event "Paul Keres mem (13th)"]
[Site "Vancouver CAN"]
[Date "1988.05.21"]
[Round "3"]
[White "Fullbrook, Nigel"]
[Black "Spraggett, Kevin"]
[Result "1-0"]
[WhiteElo "2260"]
[BlackElo "2580"]
[PlyCount "65"]
[GameId "2160767912586300"]
[EventDate "1988.05.20"]
[EventType "swiss"]
[EventRounds "7"]
[EventCountry "CAN"]
[SourceTitle "EXT 2022"]
[Source "ChessBase"]
[SourceDate "2021.10.06"]
[SourceVersion "1"]
[SourceVersionDate "2021.10.06"]
[SourceQuality "1"]

1. e4 c5 2. Nf3 e6 3. d4 cxd4 4. Nxd4 a6 5. Be3 Nf6 6. Nd2 d6 7. h3 Qc7 8. g4 Nc6 9. Bg2 Be7 10. O-O O-O 11. c3 d5 12. Nxc6 bxc6 13. g5 Nd7 14. f4 Bb7 15. Qc2 c5 16. Rae1 f5 17. exf5 Rxf5 18. h4 Nf8 19. Bh3 Rf7 20. Nf3 Bd6 21. Ne5 Re7 22. h5 Rae8 23. Bf2 Nd7 24. Bg3 Rf8 25. g6 Bxe5 26. gxh7+ Kh8 27. fxe5 Ref7 28. Bxe6 Rf3 29. Qg6 c4 30. Rxf3 Rxf3 31. Bxd7 Qxd7 32. e6 Qe7 33. h6 1-0

[Event "Paul Keres mem (13th)"]
[Site "Vancouver CAN"]
[Date "1988.05.21"]
[Round "3"]
[White "Pupols, Viktors"]
[Black "Donaldson, John"]
[Result "0-1"]
[WhiteElo "2250"]
[BlackElo "2415"]
[PlyCount "134"]
[GameId "2160767912586302"]
[EventDate "1988.05.20"]
[EventType "swiss"]
[EventRounds "7"]
[EventCountry "CAN"]
[SourceTitle "EXT 2022"]
[Source "ChessBase"]
[SourceDate "2021.10.06"]
[SourceVersion "1"]
[SourceVersionDate "2021.10.06"]
[SourceQuality "1"]

1. d4 Nf6 2. Nf3 g6 3. c4 Bg7 4. Nc3 O-O 5. g3 c5 6. d5 d6 7. Bg2 a6 8. O-O b5 9. cxb5 axb5 10. Nxb5 Ba6 11. Nc3 Nbd7 12. Bg5 h6 13. Bf4 Qa5 14. Qc1 Kh7 15. h3 Rfb8 16. Rb1 Ne8 17. Bd2 Nc7 18. Rd1 Nb5 19. Nxb5 Qxb5 20. Bc3 Bxc3 21. Qxc3 Nf6 22. Bf1 Qb4 23. Qe3 Qe4 24. Qxe4 Nxe4 25. Nd2 Nf6 26. a3 Nxd5 27. Bg2 Bb7 28. Nc4 Nf6 29. Bxb7 Rxb7 30. b4 cxb4 31. Rxb4 Rxb4 32. axb4 Ra4 33. Ne3 Rxb4 34. Nd5 Nxd5 35. Rxd5 Kg7 36. h4 h5 37. Kg2 Kf6 38. Ra5 Rb7 39. Kf3 e6 40. Ra4 d5 41. Rf4+ Ke5 42. Ra4 Rc7 43. e3 Kf6 44. Rf4+ Ke7 45. Ra4 e5 46. Ra6 Rd7 47. Ke2 Rd6 48. Ra5 Ke6 49. Rb5 Rd7 50. Rb6+ Kf5 51. Ra6 Kg4 52. Rf6 Kh3 53. Kf3 d4 54. Ra6 d3 55. Ra1 Kh2 56. e4 d2 57. Rd1 Rd4 58. Ke3 Kg2 59. f4 f6 60. g4 hxg4 61. f5 gxf5 62. exf5 g3 63. h5 Kh2 64. h6 g2 65. h7 g1=Q+ 66. Rxg1 Kxg1 67. h8=Q d1=Q 0-1

[Event "Paul Keres mem (13th)"]
[Site "Vancouver CAN"]
[Date "1988.05.22"]
[Round "4"]
[White "Donaldson, John"]
[Black "Piasetski, Leon"]
[Result "0-1"]
[WhiteElo "2415"]
[BlackElo "2390"]
[PlyCount "65"]
[GameId "2160767912586304"]
[EventDate "1988.05.20"]
[EventType "swiss"]
[EventRounds "7"]
[EventCountry "CAN"]
[SourceTitle "EXT 2022"]
[Source "ChessBase"]
[SourceDate "2021.10.06"]
[SourceVersion "1"]
[SourceVersionDate "2021.10.06"]
[SourceQuality "1"]

1. Nf3 Nf6 2. c4 d6 3. g3 g6 4. Bg2 Bg7 5. Nc3 O-O 6. O-O Nbd7 7. d4 e5 8. e4 exd4 9. Nxd4 Re8 10. h3 c6 11. Re1 a5 12. Bf4 Ne5 13. b3 Nfd7 14. Re2 Nc5 15. Rd2 Qf6 16. Be3 g5 17. Rc1 Bf8 18. a3 h6 19. Kh1 g4 20. hxg4 Nxg4 21. b4 Nxe3 22. fxe3 axb4 23. axb4 Nd7 24. Qf3 Qxf3 25. Bxf3 Ne5 26. Be2 Ra3 27. b5 Be6 28. Nxe6 Rxe6 29. bxc6 bxc6 30. Ra2 Rb3 31. Bd1 Rb8 32. Ne2 Nd3 33. Raa1 0-1

[Event "Paul Keres mem (13th)"]
[Site "Vancouver CAN"]
[Date "1988.05.22"]
[Round "5"]
[White "O'Donnell, Tom"]
[Black "Piasetski, Leon"]
[Result "1-0"]
[WhiteElo "2340"]
[BlackElo "2390"]
[PlyCount "83"]
[GameId "2160767912586308"]
[EventDate "1988.05.20"]
[EventType "swiss"]
[EventRounds "7"]
[EventCountry "CAN"]
[SourceTitle "EXT 2022"]
[Source "ChessBase"]
[SourceDate "2021.10.06"]
[SourceVersion "1"]
[SourceVersionDate "2021.10.06"]
[SourceQuality "1"]

1. e4 g6 2. d4 Bg7 3. Nc3 d6 4. Nf3 c6 5. a4 Nf6 6. h3 a5 7. Be3 O-O 8. Qd2 Na6 9. Rd1 Nb4 10. Be2 Rb8 11. O-O b5 12. axb5 cxb5 13. Bh6 Qc7 14. Bxg7 Kxg7 15. e5 Nfd5 16. exd6 exd6 17. Nxb5 Qxc2 18. Nxd6 Be6 19. Ng5 Bd7 20. Bc4 Qxd2 21. Rxd2 Rb6 22. Nde4 Rc8 23. Nc3 Be8 24. b3 h6 25. Nf3 f6 26. Ra1 Ra8 27. Nh2 Bf7 28. Nf1 Ra7 29. Ne3 Rd6 30. Bxd5 Bxd5 31. Nc4 Rd8 32. Rxa5 Rxa5 33. Nxa5 Bf7 34. f3 Ra8 35. Nc4 Ra1+ 36. Kf2 Nd5 37. Ne2 Kf8 38. Ne3 Ke7 39. Nxd5+ Bxd5 40. Rb2 Kd7 41. b4 Kc6 42. b5+ 1-0

[Event "Paul Keres mem (13th)"]
[Site "Vancouver CAN"]
[Date "1988.05.23"]
[Round "6"]
[White "Fullbrook, Nigel"]
[Black "Silman, Jeremy"]
[Result "0-1"]
[WhiteElo "2260"]
[BlackElo "2365"]
[PlyCount "72"]
[GameId "2160767912586311"]
[EventDate "1988.05.20"]
[EventType "swiss"]
[EventRounds "7"]
[EventCountry "CAN"]
[SourceTitle "EXT 2022"]
[Source "ChessBase"]
[SourceDate "2021.10.06"]
[SourceVersion "1"]
[SourceVersionDate "2021.10.06"]
[SourceQuality "1"]

1. e4 c5 2. Nf3 Nc6 3. d4 cxd4 4. Nxd4 Nf6 5. Nc3 d6 6. Be3 Ng4 7. Bc4 Nxe3 8. fxe3 Ne5 9. Bb3 g6 10. O-O Bg7 11. Nd5 O-O 12. Qe1 e6 13. Nf4 Qe7 14. Rd1 Bd7 15. h4 h5 16. c3 b5 17. Qg3 a5 18. Rd2 a4 19. Bd1 a3 20. Bxh5 gxh5 21. Nxh5 f6 22. b3 Kh7 23. Nf3 Bh6 24. Nf4 Rg8 25. Qh3 Ng4 26. Nd4 Nxe3 27. Qxe3 e5 28. Nf5 Bxf5 29. exf5 Qc7 30. Qe2 Bxf4 31. Qh5+ Bh6 32. g4 Rxg4+ 33. Kh2 Rag8 34. Rf3 Qg7 35. Rxd6 Rg2+ 36. Kh3 Qg3+ 0-1

[Event "Paul Keres mem (13th)"]
[Site "Vancouver CAN"]
[Date "1988.05.23"]
[Round "6"]
[White "Kuznecov, Alex"]
[Black "O'Donnell, Tom"]
[Result "1/2-1/2"]
[WhiteElo "2290"]
[BlackElo "2340"]
[PlyCount "134"]
[GameId "2160767912586312"]
[EventDate "1988.05.20"]
[EventType "swiss"]
[EventRounds "7"]
[EventCountry "CAN"]
[SourceTitle "EXT 2022"]
[Source "ChessBase"]
[SourceDate "2021.10.06"]
[SourceVersion "1"]
[SourceVersionDate "2021.10.06"]
[SourceQuality "1"]

1. e4 Nc6 2. d4 d5 3. Nc3 dxe4 4. d5 Ne5 5. Qd4 Ng6 6. Bb5+ Bd7 7. Nge2 Nf6 8. Bg5 c6 9. dxc6 bxc6 10. Ba4 e5 11. Qc4 Qc7 12. O-O-O Rc8 13. Bxf6 gxf6 14. Nxe4 Be6 15. Qd3 Be7 16. Nd6+ Bxd6 17. Qxd6 Qxd6 18. Rxd6 Ke7 19. Rxc6 Rxc6 20. Bxc6 Bxa2 21. Kd2 Rd8+ 22. Ke3 Rc8 23. Be4 Be6 24. f3 f5 25. Bd3 Rc7 26. Ra1 Kd8 27. g3 Ne7 28. Nc3 Rb7 29. b3 Nc8 30. Ra5 f6 31. Na4 Re7 32. Nc5 e4 33. Nxe6+ Rxe6 34. Bc4 Rc6 35. fxe4 Nd6 36. Rxa7 fxe4 37. Rxh7 Nxc4+ 38. bxc4 Rxc4 39. Kf4 Ke8 40. h3 Rxc2 41. Kxe4 Rf2 42. h4 Kf8 43. Rh5 Kg7 44. Rf5 Ra2 45. Kf3 Kg6 46. Kg4 Ra4+ 47. Rf4 Ra5 48. h5+ Kg7 49. Kh4 Rb5 50. Rf3 Ra5 51. Rf4 Rc5 52. Rf3 Ra5 53. g4 Ra4 54. Kh3 Rb4 55. Kh4 Ra4 56. Kg3 Rb4 57. Ra3 Rb1 58. Ra7+ Kh6 59. Kf4 Rf1+ 60. Ke4 Re1+ 61. Kf5 Rf1+ 62. Ke4 Rg1 63. Kf3 Rf1+ 64. Kg2 Rf4 65. Kg3 Rf1 66. Rf7 Kg5 67. Rg7+ Kh6 1/2-1/2

[Event "Paul Keres mem (13th)"]
[Site "Vancouver CAN"]
[Date "1988.05.23"]
[Round "7"]
[White "Hergott, Deen"]
[Black "Kuznecov, Alex"]
[Result "0-1"]
[WhiteElo "2320"]
[BlackElo "2290"]
[PlyCount "96"]
[GameId "2160767912586316"]
[EventDate "1988.05.20"]
[EventType "swiss"]
[EventRounds "7"]
[EventCountry "CAN"]
[SourceTitle "EXT 2022"]
[Source "ChessBase"]
[SourceDate "2021.10.06"]
[SourceVersion "1"]
[SourceVersionDate "2021.10.06"]
[SourceQuality "1"]

1. d4 Nf6 2. Nf3 g6 3. c4 Bg7 4. Nc3 d5 5. cxd5 Nxd5 6. Qb3 Nb6 7. Bg5 O-O 8. Rd1 h6 9. Bh4 c6 10. e3 Be6 11. Qc2 N8d7 12. Be2 Nf6 13. O-O Qc7 14. Ne5 a6 15. Bg3 Qc8 16. e4 Nfd7 17. h3 Nxe5 18. Bxe5 Bxe5 19. dxe5 Qb8 20. f4 Bc4 21. b3 Bxe2 22. Qxe2 Kh7 23. Rd3 Qc7 24. Rfd1 Rad8 25. Kh1 Rd7 26. Rxd7 Nxd7 27. b4 Rc8 28. Qc4 e6 29. Qd3 Nb6 30. a4 c5 31. b5 a5 32. Kg1 Kg7 33. Kf2 Kf8 34. Qd6+ Ke8 35. f5 Nc4 36. Qxc7 Rxc7 37. b6 Rd7 38. fxg6 fxg6 39. Rc1 Nxe5 40. Rb1 Rd2+ 41. Kg1 Rd3 42. Nb5 Kd7 43. Nc7 c4 44. Kh2 Rd6 45. Rb5 c3 46. Na6 Nd3 47. e5 Rd5 48. Nb8+ Ke8 0-1

[Event "Paul Keres mem (13th)"]
[Site "Vancouver CAN"]
[Date "1988.05.23"]
[Round "7"]
[White "O'Donnell, Tom"]
[Black "Spraggett, Kevin"]
[Result "0-1"]
[WhiteElo "2340"]
[BlackElo "2580"]
[PlyCount "118"]
[GameId "2160767912586317"]
[EventDate "1988.05.20"]
[EventType "swiss"]
[EventRounds "7"]
[EventCountry "CAN"]
[SourceTitle "EXT 2022"]
[Source "ChessBase"]
[SourceDate "2021.10.06"]
[SourceVersion "1"]
[SourceVersionDate "2021.10.06"]
[SourceQuality "1"]

1. e4 c5 2. c3 e6 3. d4 d5 4. exd5 exd5 5. Nf3 Nc6 6. Be2 Bd6 7. O-O Nge7 8. dxc5 Bxc5 9. Nbd2 O-O 10. Nb3 Bb6 11. Re1 Bg4 12. Bd3 h6 13. Be3 Bc7 14. Nbd4 Re8 15. Qd2 Bxf3 16. Nxf3 Qd6 17. Rad1 Rad8 18. g3 Qf6 19. Kg2 a6 20. Bc2 Nf5 21. Bf4 Rxe1 22. Rxe1 Bb6 23. Be5 Nxe5 24. Rxe5 Ne7 25. Qe1 Kf8 26. Bb3 g6 27. Qd2 Kg7 28. Qe1 Rd7 29. Ba4 Rc7 30. Bb3 Bc5 31. h4 b5 32. Re2 Rd7 33. Ne5 Rd8 34. Ng4 Qd6 35. Bc2 b4 36. Qd2 h5 37. cxb4 hxg4 38. Qc3+ d4 39. Qxc5 Nc6 40. Qxd6 Rxd6 41. Be4 d3 42. Rd2 Ne5 43. b3 f5 44. Ba8 Rb6 45. a3 a5 46. bxa5 Rxb3 47. a6 Rxa3 48. Bb7 Ra1 49. f4 gxf3+ 50. Kf2 Kf6 51. Bxf3 Rxa6 52. Bg2 Ng4+ 53. Kf3 Ra1 54. Bh3 Ne5+ 55. Kf2 Rh1 56. Bg2 Ng4+ 57. Kf3 Re1 58. Bh3 Re3+ 59. Kf4 Re2 0-1

[Event "Pere Noel"]
[Site "Montreal CAN"]
[Date "1988.12.26"]
[Round "1"]
[White "Stavrinidis, Sebastien"]
[Black "Charest, Johanne"]
[Result "1/2-1/2"]
[WhiteElo "1278"]
[BlackElo "1458"]
[PlyCount "131"]
[GameId "2160767912520104"]
[EventDate "1988.12.26"]
[EventType "swiss"]
[EventRounds "5"]
[EventCountry "CAN"]

1. e4 e5 2. Nf3 Nc6 3. Bb5 a6 4. Bxc6 dxc6 5. d4 exd4 6. Qxd4 Be6 7. Bf4 Nf6 8. Nc3 Be7 9. Qxd8+ Bxd8 10. Nd4 O-O 11. Nxe6 fxe6 12. f3 Nxe4 13. Bxc7 Nxc3 14. Bxd8 Raxd8 15. bxc3 Rf5 16. O-O Rfd5 17. Rf2 h6 18. Re2 Kf7 19. Rb1 b5 20. Rbe1 Rd1 21. Kf2 Rxe1 22. Kxe1 Kf6 23. Rd2 Rd5 24. Rd4 Ke5 25. Re4+ Kd6 26. Ke2 c5 27. c4 Rf5 28. cxb5 axb5 29. a4 bxa4 30. Rxa4 Kd5 31. Kd3 e5 32. Re4 g5 33. c4+ Ke6 34. h4 Rf8 35. hxg5 hxg5 36. Re2 Ra8 37. Ke4 Rd8 38. Rc2 Rd4+ 39. Ke3 g4 40. Rc3 Kf5 41. Rc2 g3 42. Rc3 Rd1 43. Rc2 Re1+ 44. Kd3 Rd1+ 45. Ke3 Ra1 46. Rd2 Ra3+ 47. Rd3 Ra4 48. Rc3 Ra2 49. Rd3 Rxg2 50. Rd5 Rh2 51. f4 g2 52. Kf2 Kxf4 53. Rxc5 e4 54. Kg1 Rh6 55. Rc8 e3 56. Rf8+ Ke4 57. Kxg2 Rc6 58. Re8+ Kd3 59. Rd8+ Kxc4 60. Kf3 Re6 61. Ke2 Re4 62. Rd3 Rh4 63. Rxe3 Rh2+ 64. Kf3 Rh3+ 65. Kf4 Rxe3 66. Kxe3 1/2-1/2

[Event "Pere Noel"]
[Site "Montreal CAN"]
[Date "1988.12.27"]
[Round "2"]
[White "Charest, Johanne"]
[Black "Teichmann, Herbert"]
[Result "0-1"]
[WhiteElo "1458"]
[BlackElo "1503"]
[PlyCount "84"]
[GameId "2160767912520105"]
[EventDate "1988.12.26"]
[EventType "swiss"]
[EventRounds "5"]
[EventCountry "CAN"]

1. e4 c5 2. Nf3 Nc6 3. d4 cxd4 4. Nxd4 g6 5. Be3 Bg7 6. Nc3 a6 7. Be2 e6 8. a3 Nge7 9. Qd2 O-O 10. h4 d5 11. exd5 Nxd5 12. Nxd5 Qxd5 13. Bf3 Qa5 14. Nxc6 Qxd2+ 15. Bxd2 bxc6 16. Bxc6 Rb8 17. Bc3 Bxc3+ 18. bxc3 a5 19. O-O Ba6 20. Rfb1 Rfc8 21. Ba4 Rxb1+ 22. Rxb1 Rxc3 23. Rb3 Rxc2 24. Rb6 Rc1+ 25. Kh2 Bd3 26. Rd6 Rc3 27. Rd8+ Kg7 28. Ra8 Rxa3 29. Rxa5 Bc2 30. Bxc2 Rxa5 31. f3 f5 32. Kg3 Kf6 33. Kh3 h6 34. g3 Rc5 35. Ba4 Rc3 36. f4 g5 37. hxg5+ hxg5 38. fxg5+ Kxg5 39. Kg2 e5 40. Bb5 Rc2+ 41. Kf3 e4+ 42. Ke3 Rg2 0-1

[Event "Pere Noel"]
[Site "Montreal CAN"]
[Date "1988.12.28"]
[Round "3"]
[White "Nguyen, Anh Tuan"]
[Black "Charest, Johanne"]
[Result "1-0"]
[WhiteElo "1459"]
[BlackElo "1458"]
[PlyCount "53"]
[GameId "2160767739448099"]
[EventDate "1988.12.26"]
[EventType "swiss"]
[EventRounds "5"]
[EventCountry "CAN"]

1. e4 e5 2. Nf3 Nc6 3. Bb5 a6 4. Ba4 Nf6 5. O-O Be7 6. Re1 b5 7. Bb3 O-O 8. c3 d6 9. d4 Bg4 10. h3 Bxf3 11. gxf3 Na5 12. Bc2 Re8 13. Kh2 exd4 14. cxd4 d5 15. e5 Nd7 16. f4 Bh4 17. Qf3 c6 18. b3 Nf8 19. f5 Be7 20. Rg1 Nd7 21. Bh6 f6 22. Bxg7 fxe5 23. f6 Kf7 24. fxe7+ Kxe7 25. dxe5 Nxe5 $2 26. Bxe5 Kd7 27. Qf5+ 1-0

[Event "Pere Noel"]
[Site "Montreal CAN"]
[Date "1988.12.29"]
[Round "4"]
[White "Charest, Johanne"]
[Black "Solis Mendoza, Jesus"]
[Result "0-1"]
[WhiteElo "1458"]
[BlackElo "1422"]
[PlyCount "38"]
[GameId "2160767739448100"]
[EventDate "1988.12.26"]
[EventType "swiss"]
[EventRounds "5"]
[EventCountry "CAN"]

1. e4 e5 2. Nf3 Nc6 3. Bc4 Bc5 4. c3 Nf6 5. d4 exd4 6. cxd4 Bb6 7. e5 Ne4 8. Qd3 d5 9. exd6 Nxd6 10. Bb3 O-O 11. O-O Bf5 12. Qd1 Nb5 13. d5 Ncd4 14. Bg5 $4 Nxf3+ 15. Qxf3 Qxg5 16. Qd1 Nd4 17. Re1 h6 18. g3 Bg4 19. Qc1 Ne2+ 0-1

[Event "Pere Noel"]
[Site "Montreal CAN"]
[Date "1988.12.30"]
[Round "5"]
[White "Charest, Johanne"]
[Black "Larouche, Jean-Yves"]
[Result "1-0"]
[WhiteElo "1458"]
[BlackElo "1476"]
[PlyCount "59"]
[GameId "2160767912520106"]
[EventDate "1988.12.26"]
[EventType "swiss"]
[EventRounds "5"]
[EventCountry "CAN"]

1. e4 Nf6 2. Nc3 e6 3. d4 c6 4. e5 Ng8 5. Nf3 d6 6. Bg5 Be7 7. Bxe7 Nxe7 8. exd6 Qxd6 9. Ne4 Qc7 10. Bd3 Nd7 11. Qe2 c5 12. dxc5 Nxc5 13. Bb5+ Bd7 14. Bxd7+ Nxd7 15. O-O O-O 16. Nfg5 g6 17. Qg4 Qe5 18. Rad1 Rfd8 19. Qh4 Nf8 20. Rde1 Nf5 21. Qh3 b6 22. b3 f6 23. Nf3 Qb2 24. Rb1 Qxa2 25. Nxf6+ Kg7 26. Ng4 Rd7 27. Nfe5 Rc7 28. c4 Rac8 29. Qc3 Kh8 30. Ra1 1-0

[Event "Pop 1988.02.06"]
[Site "Montreal CAN"]
[Date "1988.02.06"]
[Round "1"]
[White "Migneault, Jean"]
[Black "Charest, Johanne"]
[Result "1-0"]
[WhiteElo "1379"]
[BlackElo "1310"]
[PlyCount "43"]
[GameId "2160767912586976"]
[EventDate "1988.02.06"]
[EventType "tourn"]
[EventRounds "3"]
[EventCountry "CAN"]

1. d4 d5 2. c4 c6 3. Nf3 Nf6 4. e3 e6 5. Nc3 Be7 6. Bd3 dxc4 7. Bxc4 O-O 8. O-O Nbd7 9. e4 h6 10. e5 Ne8 11. Qe2 Nc7 12. Bd3 Re8 13. Qe4 Nf8 14. Qg4 Kh8 15. Re1 c5 16. Re4 b6 17. Qh5 f6 18. Rh4 fxe5 19. Bxh6 Kg8 20. Bg5 exd4 21. Qh8+ Kf7 22. Ne5# 1-0

[Event "Pop 1988.02.06"]
[Site "Montreal CAN"]
[Date "1988.02.06"]
[Round "2"]
[White "Charest, Johanne"]
[Black "Deruatania, Jean"]
[Result "0-1"]
[WhiteElo "1310"]
[BlackElo "1414"]
[PlyCount "152"]
[GameId "2160767912586977"]
[EventDate "1988.02.06"]
[EventType "tourn"]
[EventRounds "3"]
[EventCountry "CAN"]

1. e4 c5 2. Nf3 d6 3. d4 cxd4 4. Nxd4 Nf6 5. Nc3 a6 6. Be2 e6 7. f4 Be7 8. Be3 O-O 9. O-O Qc7 10. Qd2 Nc6 11. Kh1 Re8 12. Bf3 Bf8 13. a3 Bd7 14. Nb3 Rad8 15. Na4 Qb8 16. Bb6 Rc8 17. Be3 e5 18. f5 b5 19. Nc3 Qc7 20. Rac1 Na5 21. Nxa5 Qxa5 22. Nd5 Nxd5 23. Qxa5 Nxe3 24. Rf2 Rc6 25. b3 Rec8 26. Qe1 Nxc2 27. Qd1 Ne3 28. Rxc6 Nxd1 29. Rxc8 Nxf2+ 30. Kg1 Bxc8 31. Kxf2 Be7 32. Bd1 Bg5 33. a4 bxa4 34. bxa4 a5 35. g3 Kf8 36. h4 Bd2 37. Ke2 Bb4 38. Bb3 f6 39. Kf3 Ke7 40. Bg8 h6 41. h5 Bd7 42. Bb3 Be8 43. g4 Bf7 44. Bc2 d5 45. exd5 Bxd5+ 46. Kg3 Kd6 47. Kf2 Kc5 48. Ke3 Bc3 49. Bd3 Bd4+ 50. Ke2 Kb4 51. Bb5 Bc4+ 52. Kd2 Bxb5 53. axb5 Kxb5 54. Kc2 Kb4 55. Kc1 Kb3 56. Kb1 a4 57. Kc1 a3 58. Kd2 a2 59. Kd3 a1=Q 60. Ke4 Kc4 61. g5 fxg5 62. f6 Qb1+ 63. Kf3 e4+ 64. Kg4 gxf6 65. Kf5 e3+ 66. Ke6 Qb5 67. Kf7 Qf5 68. Kg7 Kd5 69. Kxh6 g4 70. Kg7 Qxh5 71. Kf8 f5 72. Ke7 Qh6 73. Kd8 Kd6 74. Ke8 Qh7 75. Kf8 Qe7+ 76. Kg8 Qg7# 0-1

[Event "Pop 1988.02.06"]
[Site "Montreal CAN"]
[Date "1988.02.06"]
[Round "3"]
[White "Glass, Martin"]
[Black "Charest, Johanne"]
[Result "1-0"]
[WhiteElo "1433"]
[BlackElo "1310"]
[PlyCount "71"]
[GameId "2160767912586978"]
[EventDate "1988.02.06"]
[EventType "tourn"]
[EventRounds "3"]
[EventCountry "CAN"]

1. e4 e5 2. Nf3 Nc6 3. Bb5 a6 4. Ba4 Nf6 5. O-O Be7 6. Re1 b5 7. Bb3 O-O 8. c3 d6 9. h3 Re8 10. d4 Bb7 11. Nbd2 Bf8 12. Bc2 h6 13. d5 Ne7 14. Nf1 Ng6 15. Ng3 c6 16. dxc6 Bxc6 17. Nf5 Qc7 18. Nh2 Red8 19. Ng4 Nxg4 20. Qxg4 Bd7 21. h4 Qc8 22. h5 Ne7 23. Bxh6 Nxf5 24. exf5 Kh8 25. Bg5 Re8 26. Qh3 f6 27. Bd2 Kg8 28. g4 Qd8 29. Bb3+ Kh8 30. h6 g5 31. fxg6 Be6 32. g7+ Bxg7 33. hxg7+ Kxg7 34. Qh6+ Kg8 35. Qg6+ Kh8 36. Kg2 1-0

[Event "Pop 1988.03.26"]
[Site "Montreal CAN"]
[Date "1988.03.26"]
[Round "1"]
[White "Charest, Johanne"]
[Black "Martineau, Jean-Louis"]
[Result "0-1"]
[WhiteElo "1324"]
[BlackElo "1322"]
[PlyCount "128"]
[GameId "2160767912586432"]
[EventDate "1988.03.26"]
[EventType "tourn"]
[EventRounds "3"]
[EventCountry "CAN"]

1. e4 e5 2. Nf3 Nc6 3. Bc4 Nf6 4. Ng5 Qe7 5. d3 d6 6. Nxf7 Rg8 7. Ng5 Rh8 8. Nc3 h6 9. Nf3 Be6 10. Bb5 Bd7 11. Be3 a6 12. Ba4 O-O-O 13. a3 Be8 14. b4 d5 15. exd5 Nxd5 16. Ne4 Nxe3 17. fxe3 Na7 18. Bb3 Bc6 19. Ned2 g5 20. h3 Bg7 21. Rb1 e4 22. dxe4 Bxe4 23. Qe2 Bc3 24. Rd1 Rhf8 25. Kf2 Nc6 26. Nxe4 Rxd1 27. Rxd1 Qxe4 28. Kg1 Bb2 29. Nd2 Qe7 30. Nc4 Bd4 31. Qg4+ Kb8 32. exd4 Rf4 33. Qh5 Nxd4 34. Ba2 Nxc2 35. Qg6 Qe2 36. Qd3 Qf2+ 37. Kh2 Ne1 38. Qd2 Nf3+ 39. Kh1 Nxd2 40. Rxd2 Qf1+ 41. Kh2 Rf2 42. Rxf2 Qxf2 43. Bb3 Qf4+ 44. Kh1 Qc1+ 45. Kh2 Qc3 46. Ba2 Qc2 47. Ne3 Qxa2 48. Ng4 Qxa3 49. Nxh6 Qxb4 50. Ng4 a5 51. Kh1 a4 52. Nh6 a3 53. Ng4 Qe1+ 54. Kh2 a2 55. Nh6 a1=Q 56. Ng4 Qh1+ 57. Kg3 Qc3+ 58. Ne3 Qxe3+ 59. Kg4 Qxg2+ 60. Kf5 Qgf3+ 61. Kg6 Qe6+ 62. Kxg5 Qff5+ 63. Kh4 Qh6+ 64. Kg3 Qhxh3# 0-1

[Event "Pop 1988.03.26"]
[Site "Montreal CAN"]
[Date "1988.03.26"]
[Round "2"]
[White "Vezina, Sebastien"]
[Black "Charest, Johanne"]
[Result "0-1"]
[WhiteElo "1345"]
[BlackElo "1324"]
[PlyCount "72"]
[GameId "2160767912586433"]
[EventDate "1988.03.26"]
[EventType "tourn"]
[EventRounds "3"]
[EventCountry "CAN"]

1. d4 d5 2. c4 c6 3. Nc3 Nf6 4. Nf3 e6 5. Bg5 Nbd7 6. e3 h6 7. Bf4 Be7 8. cxd5 Nxd5 9. Nxd5 cxd5 10. Be2 a6 11. Rc1 Nf6 12. Bd3 b5 13. Ne5 Bb7 14. O-O O-O 15. Ng4 Re8 16. Be5 Rc8 17. Qe2 Ra8 18. Qf3 Kh8 19. Bxf6 Bxf6 20. Nxf6 Qxf6 21. Qxf6 gxf6 22. Rc7 Bc8 23. Rxf7 f5 24. Rc1 Kg8 25. Rcc7 Rd8 26. Be2 b4 27. a3 bxa3 28. bxa3 Rb8 29. g3 a5 30. Bh5 Ba6 31. Rfe7 Bd3 32. h4 Be4 33. f3 Bd3 34. Rxe6 Rdc8 35. Kh2 Rb2+ 36. Kh3 Bf1# 0-1